10 Biggest Cities in Thailand - Statistics

General Stats
  • This quiz has been taken 48 times
  • The average score is 3 of 10
Answer Stats
Rank Population City % Correct
1 14,565,547 Bangkok
100%
4 174,235 Chiang Mai
66%
3 174,332 Nakhon Ratchasima
29%
5 157,467 Hat Yai
24%
6 155,339 Udon Thani
24%
2 270,609 Nonthaburi
20%
8 129,581 Khon Kaen
15%
7 152,881 Pak Kret
10%
10 105,081 Ubon Ratchathani
10%
9 109,983 Chaophraya Surasak
7%
No matching quizzes found
Score Distribution
Percent of People with Each Score
Percentile by Number Answered
Your Score History
You have not taken this quiz